000 00615nam a2200181Ia 4500
003 GCL
008 140319s9999 xx 000 0 ara d
040 _aGCL /
_cGCL
082 0 4 _a576.1
_bى ع
100 1 _aيوسف ابراهيم المشنى
245 1 0 _aعلم الاحياء الدقيقة الفموى /
_cيوسف ابراهيم المشنى
260 _aالقاهرة :
_bدار المستقبل للنشر والتوزيع ،
_c2002
300 _a145 ص ؛
_c24 سم
650 0 4 _aالاحياء الدقيقة
650 0 4 _aالجراثيم
650 0 4 _aالاحياء - علم
942 _2ddc
_cBK
999 _c5291
_d5291